Διακριτά μαθηματικά με εφαρμογές
Αποθηκεύτηκε σε:
| Κύριος συγγραφέας: | |
|---|---|
| Μορφή: | Άγνωστο |
| Γλώσσα: | Greek English |
| Δημοσίευση: |
Αθήνα :
Κλειδάριθμος,
c2010.
|
| Έκδοση: | 2η βελτ. έκδ. |
| Θέματα: | |
| Ετικέτες: |
Προσθήκη ετικέτας
Δεν υπάρχουν, Καταχωρήστε ετικέτα πρώτοι!
|
MARC
| LEADER | 00000c a2200000 4500 | ||
|---|---|---|---|
| 001 | 1/8599 | ||
| 008 | 100622s2010 gr | ||| |||| ||gre|| | ||
| 020 | |a 9789604613250 | ||
| 035 | |l 10108316 | ||
| 040 | |a GR-MyUa |b gre |e AACR2 | ||
| 041 | 1 | |a gre |h eng | |
| 082 | 7 | |a 511.1 |2 (22) | |
| 082 | 7 | |a 511.30285 |2 (22) | |
| 100 | 1 | |a Epp, Susanna S. | |
| 245 | 1 | 0 | |a Διακριτά μαθηματικά με εφαρμογές / |c Susanna S. Epp ; επιστημονική επιμέλεια ελληνικής έκδοσης Βασίλης Μεταφτής, Αντώνης Τσολομύτης. |
| 250 | |a 2η βελτ. έκδ. | ||
| 260 | |a Αθήνα : |b Κλειδάριθμος, |c c2010. | ||
| 300 | |a 940 σ. : |b εικ. ; |c 29 εκ. | ||
| 650 | 0 | |a Discrete mathematics. | |
| 500 | |a Περιλαμβάνει ευρετήριο. | ||
| 650 | 0 | |a Mathematics. | |
| 765 | 0 | 8 | |i Μετάφραση του: |t Discrete mathematics with applications / |
| 852 | |a INST |b LEMNOS |e 20150129 |h 511.1 EPP |p 005600001562 |q 005600001562 |t BK |y 0 | ||
| 852 | |a INST |b LESVOS |c EUDOXUS |e 20220117 |h 511.1 EPP |p 005100063738 |q 005100063738 |t EDX |y 0 | ||
| 852 | |a INST |b SAMOS |e 20100622 |h 511.30285 EPP |p 005300031652 |q 005300031652 |t BK |y 4 |x 20200907 | ||
| 852 | |a INST |b SAMOS |e 20100622 |h 511.30285 EPP |p 005300031653 |q 005300031653 |t BK |y 4 |x 20211209 | ||
| 852 | |a INST |b SAMOS |e 20100622 |h 511.30285 EPP |p 005300031654 |q 005300045839 |t BK |y 0 | ||
| 852 | |a INST |b SAMOS |e 20100622 |h 511.30285 EPP |p 005300031655 |q 005300031655 |t BK |y 23 | ||
| 852 | |a INST |b SAMOS |e 20100622 |h 511.30285 EPP |p 005300032475 |q 005300046181 |t BK |y 0 | ||
| 852 | |a INST |b SAMOS |e 20110519 |h 511.30285 EPP |p 005300032762 |q 005300032762 |t BK |y 0 | ||
| 852 | |a INST |b SAMOS |c EUDOXUS |e 20121012 |h 511.30285 EPP |p 005300033580 |q 005300033580 |t EDX |y 0 | ||
| 852 | |a INST |b SAMOS |c EUDOXUS |e 20121011 |h 511.30285 EPP |p 005300034252 |q 005300034252 |t EDX |y 0 | ||
| 852 | |a INST |b SYROS |c EUDOXUS |e 20130424 |h 511.1 EPP |p 005500010690 |q 005500010690 |t EDX |y 0 | ||
| 852 | |a INST |b SYROS |c EUDOXUS |e 20130424 |h 511.1 EPP |p 005500010691 |q 005500010691 |t EDX |y 0 | ||
| 920 | |a Εύδοξος |b Επιστροφή |y Χίος |z 2022-01 | ||
| 901 | |a BIBL5-2013-1 | ||
| 901 | |a BIBL3-2012-3 | ||
| 901 | |a BIBL3-2012-3 | ||
| 901 | |a BIBL3-2011-3 | ||
| 901 | |a BIBL3-2011-2 | ||
| 901 | |a BIBL3-2010-2 | ||
| 901 | |a BIBL6-2015-1 | ||
| 920 | |a Κωνσταντίνου |b Νικόλαος |y Σάμος |z 2011-08 | ||
| 920 | |a Εύδοξος |b Παραγγελία |y Σύρος-ΤΜΣΠΣ |z 2013-04 | ||
| 920 | |a Εύδοξος |b Επιστροφή |y Σάμος |z 2012-10 | ||
| 920 | |a Φοιτητική Μέριμνα |y Σάμος |z 2012-10 | ||
| 920 | |a Εύδοξος |b Επιστροφή |y Λέσβος |z 2014-09 | ||
| 970 | |a Σίτζιμη |b Γιασεμή |z 22/06/2010 | ||